000 00304nam a22001337a 4500
008 170921b xxu||||| |||| 00| 0 eng d
020 _a073999951141
041 _aeng
080 _a78
100 _a45
101 _aMUZ
245 _aA MODERN APPROACH TO CLASSICAL GUITAR
_cDUNCAN,CH
942 _2udc
_cBK
999 _c28820
_d28820